000 00637nam a2200217Ia 4500
005 20250508170036.0
008 008 250505s9999 xx 000 0 eng d
020 _a0-8058-4337-X
037 _aTextual
040 _aFEDL
_beng
_cFEDL
041 _aeng
_2eng
084 _a294.5, BLA
_qFEDL
100 _aBlank Jonah
_9142045
245 0 _aArrow of the blue- skinned God: Retracing the Ramayana through India
260 _aNew Delhi, India
_bPenguin Books
_c1998
300 _axiv, 349p.
365 _aINR
_b295
546 _aGifted by Prof. Anita Rampal
942 _cTEXL
_h294.5, BLA
999 _c1398868
_d1398868